Publication Manual of the American Psychological Association (Record no. 32556)
[ view plain ]
| 000 -LEADER | |
|---|---|
| fixed length control field | 00789nam a2200193 a 4500 |
| 008 - FIXED-LENGTH DATA ELEMENTS--GENERAL INFORMATION | |
| fixed length control field | 111004s2001 ||||||||||||||||| || u |
| 020 ## - INTERNATIONAL STANDARD BOOK NUMBER | |
| International Standard Book Number | 1557988102 |
| 050 ## - LIBRARY OF CONGRESS CALL NUMBER | |
| Classification number | BF 76.7 Ame. |
| 110 ## - MAIN ENTRY--CORPORATE NAME | |
| Corporate name or jurisdiction name as entry element | American Psychological Association (APA) |
| 245 10 - TITLE STATEMENT | |
| Title | Publication Manual of the American Psychological Association |
| 260 ## - PUBLICATION, DISTRIBUTION, ETC. | |
| Place of publication, distribution, etc. | Washington, D.C.: |
| Name of publisher, distributor, etc. | American Psychological Association |
| Date of publication, distribution, etc. | 2001 |
| 300 ## - PHYSICAL DESCRIPTION | |
| Extent | xxviii, 439p.: ill. |
| 350 ## - | |
| -- | 0.00 |
| 500 ## - GENERAL NOTE | |
| General note | includes bibliographical references |
| 650 #3 - SUBJECT ADDED ENTRY--TOPICAL TERM | |
| Topical term or geographic name entry element | PSYCHOLOGY |
| 650 ## - SUBJECT ADDED ENTRY--TOPICAL TERM | |
| Topical term or geographic name entry element | COMMUNICATION IN PSYCHOLOGY |
| 650 ## - SUBJECT ADDED ENTRY--TOPICAL TERM | |
| Topical term or geographic name entry element | PSYCHOLOGY--AURHORSHIP |
| 995 ## - | |
| -- | MEDICAL LIBRARY OPEN ACCESS |
| -- | 0.00 |
| -- | 901382 |
| -- | CBU-SCHOOL OF MEDICINE LIBRARY (Ndola) |
| -- | 1 |
| -- | 0.00 |
| -- | BF 76.7 AME. |
| -- | 1 |
| -- | AVAILABLE |
| -- | Oct 4, 2011 |
| -- | 901382 |
| -- | Medical Library Open Access Collection |
| 999 ## - | |
| -- | 32556 |
| -- | 32556 |
| Withdrawn status | Lost status | Source of classification or shelving scheme | Damaged status | Not for loan | Permanent Location | Current Location | Shelving location | Date acquired | Total Checkouts | Full call number | Barcode | Date last seen | Price effective from | Koha item type |
|---|---|---|---|---|---|---|---|---|---|---|---|---|---|---|
| CBU-SCHOOL OF MEDICINE LIBRARY, NDOLA. | CBU-SCHOOL OF MEDICINE LIBRARY, NDOLA. | 11/30/2022 | BF 76.7 Ame. | 901382 | 11/30/2022 | 11/30/2022 | MONOGRAPH |